<?xml version="1.0" encoding="UTF-8"?>
<record
    xmlns:xsi="http://www.w3.org/2001/XMLSchema-instance"
    xsi:schemaLocation="http://www.loc.gov/MARC21/slim http://www.loc.gov/standards/marcxml/schema/MARC21slim.xsd"
    xmlns="http://www.loc.gov/MARC21/slim">

  <leader>00747nam a22002651i 4500</leader>
  <controlfield tag="001">8454</controlfield>
  <datafield tag="010" ind1=" " ind2=" ">
    <subfield code="a">9724118002</subfield>
  </datafield>
  <datafield tag="021" ind1=" " ind2=" ">
    <subfield code="a">PT</subfield>
    <subfield code="b">103645/96</subfield>
  </datafield>
  <datafield tag="090" ind1=" " ind2=" ">
    <subfield code="a">8454</subfield>
  </datafield>
  <datafield tag="100" ind1=" " ind2=" ">
    <subfield code="a">20170304u        u  u0frey50      ba</subfield>
  </datafield>
  <datafield tag="101" ind1=" " ind2=" ">
    <subfield code="a">por</subfield>
  </datafield>
  <datafield tag="102" ind1=" " ind2=" ">
    <subfield code="a">PT</subfield>
  </datafield>
  <datafield tag="200" ind1="1" ind2=" ">
    <subfield code="f">Jo&#xEB;lle Barnab&#xE9;</subfield>
    <subfield code="a">Os coelhinhos... descobrem o campo</subfield>
    <subfield code="g">Adapt. Jo&#xEB;lle Barnab&#xE9;</subfield>
    <subfield code="g">il. Sylvie Rainaud</subfield>
  </datafield>
  <datafield tag="205" ind1=" " ind2=" ">
    <subfield code="a">1&#xAA; ed.</subfield>
  </datafield>
  <datafield tag="210" ind1=" " ind2=" ">
    <subfield code="a">Rio Tinto</subfield>
    <subfield code="c">Edi&#xE7;&#xF5;es Asa</subfield>
    <subfield code="d">1996</subfield>
  </datafield>
  <datafield tag="215" ind1=" " ind2=" ">
    <subfield code="c">il.</subfield>
    <subfield code="d">23 cm</subfield>
    <subfield code="a">[18] p. </subfield>
  </datafield>
  <datafield tag="225" ind1=" " ind2=" ">
    <subfield code="a">Os coelhinhos descobrem</subfield>
  </datafield>
  <datafield tag="606" ind1=" " ind2=" ">
    <subfield code="9">187</subfield>
    <subfield code="a">Hist&#xF3;rias para crian&#xE7;as</subfield>
  </datafield>
  <datafield tag="675" ind1=" " ind2=" ">
    <subfield code="a">087.5</subfield>
    <subfield code="9">2104</subfield>
  </datafield>
  <datafield tag="702" ind1=" " ind2=" ">
    <subfield code="4">010</subfield>
    <subfield code="9">3269</subfield>
    <subfield code="a">Barnab&#xE9;</subfield>
    <subfield code="b">Jo&#xEB;lle</subfield>
  </datafield>
  <datafield tag="702" ind1=" " ind2=" ">
    <subfield code="4">440</subfield>
    <subfield code="9">3270</subfield>
    <subfield code="a">Rainaud</subfield>
    <subfield code="b">Sylvie</subfield>
  </datafield>
  <datafield tag="702" ind1=" " ind2=" ">
    <subfield code="4">730</subfield>
    <subfield code="9">3272</subfield>
    <subfield code="a">Telles</subfield>
    <subfield code="b">Alice</subfield>
  </datafield>
  <datafield tag="801" ind1=" " ind2=" ">
    <subfield code="a">PT</subfield>
    <subfield code="g">RPC</subfield>
  </datafield>
  <datafield tag="990" ind1=" " ind2=" ">
    <subfield code="c">LIVROS</subfield>
  </datafield>
  <datafield tag="994" ind1=" " ind2=" ">
    <subfield code="a">COMP</subfield>
  </datafield>
  <datafield tag="995" ind1=" " ind2=" ">
    <subfield code="0">0</subfield>
    <subfield code="1">4</subfield>
    <subfield code="9">10827</subfield>
    <subfield code="b">BMVA</subfield>
    <subfield code="d">BMVA</subfield>
    <subfield code="e">Literatura Juvenil</subfield>
    <subfield code="f">0012148</subfield>
    <subfield code="k">BAR</subfield>
    <subfield code="o">0</subfield>
    <subfield code="r">LIVROS</subfield>
    <subfield code="a">BMVA</subfield>
    <subfield code="c">BMVA</subfield>
    <subfield code="q">2</subfield>
  </datafield>
  <datafield tag="995" ind1=" " ind2=" ">
    <subfield code="0">0</subfield>
    <subfield code="1">0</subfield>
    <subfield code="9">44431</subfield>
    <subfield code="b">BMVA</subfield>
    <subfield code="d">BMVA</subfield>
    <subfield code="f">0031595</subfield>
    <subfield code="k">087.5 BAR</subfield>
    <subfield code="o">0</subfield>
    <subfield code="r">LIVROS</subfield>
    <subfield code="u">0-5 anos</subfield>
    <subfield code="0">0</subfield>
  </datafield>
</record>
